000 00495nam a2200181Ia 4500
005 20250326123710.0
008 250326s9999 xx 000 0 und d
037 _aTextbook
040 _aFMSL
_beng
_cFMSL
041 _aeng
_2eng
084 _aX8(A):8 M8
_qFMSL
100 _aDemsetz H
_9735843
245 0 _aOwnership, control, and the firm
_cDemsetz H
260 _aUSA
_bUSA, Basil Blackwell
_c1988
300 _a300p
942 _cTB
_hX8(A):8 M8
999 _c1270556
_d1270556